La función del sector bancario en el financiamiento del desarrollo: el discurso y la realidad /
Guardado en:
| Autor principal: | |
|---|---|
| Formato: | Texto |
| Etiquetas: |
Agregar Etiqueta
Sin Etiquetas, Sea el primero en etiquetar este registro!
|
MARC
| LEADER | 00000 a a2200000 04500 | ||
|---|---|---|---|
| 001 | 41164 | ||
| 003 | |||
| 040 | |||
| 100 | |a Gómez Ochoa, Gabriel | ||
| 245 | |a La función del sector bancario en el financiamiento del desarrollo: |b el discurso y la realidad / |c Gabriel Gómez Ochoa | ||
| 773 | |g número361 ( , 2009), páginas 51-67 : tablas, gráficos | ||
| 999 | |c 38805 |d 38805 | ||
